000 00761nam a2200241Ia 4500
003 OSt
005 20220923224155.0
006 a|||||r|||| 00| 0
007 ta
008 220922b |||||||| |||| 00| 0 pan d
024 _a227,404
037 _cTextual
040 _aARTS
_cARTS
_bpan
041 _2pan
_apan
082 _aQ8441xK66, 153N1
100 _aਦੈਲਤ ਰਾਏ
245 0 _aਸਾਹਿਬੇ ਕਲਾਮ ਗੁਰੂ ਗੋਬਿੰਦ ਸਿੰਘ ਜੀ
260 _aਅੰਮ੍ਰਿਤਸਰ
_b ਗੁਰਮਤਿ ਸਾਹਿਤ ਪ੍ਰਕਾFਨ
_c1991
300 _a263ਪੰ
_ccm.
650 _aਧਰਮ
942 _hQ8441xK66, 153N1
_cTEXL
_2CC
999 _c369727
_d369727